Space Oddity Lyrics - Statistics

General Stats
  • This quiz has been taken 1,082 times
  • The average score is 152 of 203
Answer Stats
Hint Answer % Correct
Control
99%
Major
99%
To
99%
Ground
98%
Tom
98%
I
97%
A
96%
You
95%
The
93%
And
92%
Is
92%
On
88%
This
87%
Can
86%
In
83%
Do
82%
Your
82%
Know
78%
Love
78%
Her
77%
Tin
77%
Earth
76%
Go
76%
There's
76%
Floating
74%
Nothing
74%
Very
73%
Blue
72%
I'm
71%
Planet
71%
Put
71%
Be
70%
Far
70%
Helmet
70%
My
69%
Way
69%
Hear
68%
Me
68%
Take
66%
With
66%
Above
64%
Am
64%
Really
64%
May
63%
Pills
63%
Today
63%
Want
63%
World
63%
Engines
62%
Gods
62%
Here
62%
Look
62%
Protein
62%
Wife
62%
Different
61%
Made
61%
Most
61%
Wear
59%
Peculiar
58%
Tell
58%
Papers
57%
Stars
57%
Countdown
56%
Much
55%
You've
55%
Knows
54%
She
54%
Sitting
53%
Stepping
53%
Through
53%
Ignition
52%
Check
50%
Door
50%
Something
50%
Wrong
50%
Commencing
48%
If
48%
Shirts
47%
Whose
47%
It's
46%
Grade
45%
Capsule
44%
Dare
43%
Time
43%
Leave
42%
Now
42%
Which
42%
For
41%
Dead
39%
Spaceship
38%
Circuit's
37%
Moon
36%
One
33%
Feeling
32%
Think
30%
Miles
29%
Hundred
28%
Thousand
27%
Still
23%
Round
20%
Though
19%
Past
17%
No matching quizzes found
Score Distribution
Percent of People with Each Score
Percentile by Number Answered
Your Score History
You have not taken this quiz